[Event "Volga Rating"]
[Site "Dimitrovgrad"]
[Date "2006.12.13"]
[Round "11"]
[White "Triapkin, Pavel"]
[Black "Gichurkin, Sergei"]
[Result "1-0"]
[WhiteElo "2303"]
[BlackElo "2295"]
[PlyCount "44"]
[EventDate "2006.12.08"]
[EventType "tourn"]
[EventRounds "11"]
[EventCountry "RUS"]
[SourceTitle "EXT 2019"]
[Source "ChessBase"]
[SourceDate "2018.10.10"]
[SourceVersion "1"]
[SourceVersionDate "2018.10.10"]
[SourceQuality "1"]

1. e4 e6 2. d4 d5 3. Nc3 Bb4 4. e5 Ne7 5. a3 Bxc3+ 6. bxc3 c5 7. h4 Qc7 8. Rh3 Bd7 9. h5 h6 10. Bd3 c4 11. Be2 Ba4 12. Nf3 Nd7 13. Nh4 0-0-0 14. Be3 Rdg8 15. Rf3 g5 16. Rxf7 gxh4 17. Rxe7 Rxg2 18. Kd2 Qc6 19. Qh1 Rhg8 20. Bf3 h3 21. Qxh3 Rg1 22. Rxg1 Rxg1 1-0

[Event "Uljanovsk Region-ch"]
[Site "Uljanovsk"]
[Date "2003.??.??"]
[Round "3"]
[White "Gichurkin, Sergei"]
[Black "Pirogov, Vyatchslav"]
[Result "1-0"]
[WhiteElo "2202"]
[BlackElo "2364"]
[PlyCount "85"]
[EventDate "2003.??.??"]
[EventType "swiss"]
[EventRounds "9"]
[EventCountry "RUS"]
[SourceTitle "EXT 2005"]
[Source "ChessBase"]
[SourceDate "2004.11.15"]
[SourceVersion "1"]
[SourceVersionDate "2004.11.15"]
[SourceQuality "1"]

1. d4 Nf6 2. Bg5 c5 3. d5 Qb6 4. Nc3 Qxb2 5. Bd2 Qb6 6. Rb1 Qd8 7. e4 d6 8. f4 e6 9. dxe6 fxe6 10. e5 dxe5 11. fxe5 Nd5 12. Qg4 Nc6 13. Nf3 Nxc3 14. Bxc3 Qe7 15. Bd3 g6 16. h4 Bg7 17. h5 gxh5 18. Qxh5+ Kd8 19. Ng5 Kc7 20. 0-0 Rf8 21. Nxh7 Rxf1+ 22. Rxf1 Nd8 23. Be4 Rb8 24. Nf6 Bd7 25. Rd1 Bb5 26. Bg6 Rc8 27. Qh4 Bf8 28. a4 Bc6 29. Be4 c4 30. Bxc6 Qc5+ 31. Bd4 Qxc6 32. Bxa7 Bc5+ 33. Bxc5 Qxc5+ 34. Kh1 Qe3 35. Ne8+ Kb8 36. Rxd8 Qxe5 37. Rxc8+ Kxc8 38. Qxc4+ Kb8 39. Qc7+ Qxc7 40. Nxc7 Kxc7 41. Kg1 Kd6 42. Kf2 Ke5 43. Ke3 1-0